| 000 | 00616cab a2200229 4500 | ||
|---|---|---|---|
| 001 | X2577 | ||
| 008 | 090401t1995 xxu||||| |||| 00| 0 eng d | ||
| 035 | _a(Sirsi) u25109 | ||
| 041 | _aeng | ||
| 245 | _aCo-partnership housing and the garden city movement | ||
| 260 | _c1995 | ||
| 350 | _a0 | ||
| 490 |
_aPlanning Perspectives _v10(4) October 1995, 329-358(33) |
||
| 650 | _aCO-OPERATIVE TENANTS | ||
| 650 | _aCO-PARTNERSHIP HOUSING | ||
| 650 | _aGARDEN CITIES | ||
| 650 | _aHOUSING ESTATES | ||
| 650 |
_aLANDLORD AND TENANT _96252 |
||
| 690 | _aHOUSING-DEVELOPMENT | ||
| 942 | _n0 | ||
| 948 | _c04/03/1997 | ||
| 999 |
_c16841 _d16841 |
||